LIBRARY & INFORMATION CENTRE, KCAET, TAVANUR

ONLINE PUBLIC ACCESS CATALOGUE (OPAC)

A Textbook of Nanoelectronics (Record no. 14610)

MARC details
000 -LEADER
fixed length control field 00310nam a22001217a 4500
020 ## - INTERNATIONAL STANDARD BOOK NUMBER
ISBN 9789382126270
082 ## - DEWEY DECIMAL CLASSIFICATION NUMBER
Classification number 621.381
Item number AHM/NA
100 ## - MAIN ENTRY--AUTHOR NAME
Personal name Ahmadi,Iqbal Taghi
245 ## - TITLE STATEMENT
Title A Textbook of Nanoelectronics
260 ## - PUBLICATION, DISTRIBUTION, ETC. (IMPRINT)
Place of publication New Delhi
Name of publisher Astha Publishers and distributors
Year of publication 2014
300 ## - PHYSICAL DESCRIPTION
Number of Pages 248
942 ## - ADDED ENTRY ELEMENTS (KOHA)
Koha item type Books
Holdings
Withdrawn status Lost status Damaged status Collection code Home library Current library Shelving location Date acquired Source of acquisition Cost, normal purchase price Full call number Accession Number Koha item type
        KAUAET KAUAET General Stacks 20/07/2016 Professional Books 895.00 621.381 AHM/NA 24258 Books
free website counter